Top U.S. States by Bird Species - Statistics

General Stats
  • This quiz has been taken 51 times
    29 since last reset
  • The average score is 10 of 12
Answer Stats
# Species U.S. State % Correct
865 California
100%
751 Texas
100%
687 Florida
96%
548 Washington
96%
567 Alaska
88%
609 Arizona
85%
542 Colorado
81%
576 New Mexico
81%
574 New York
81%
573 Oregon
77%
522 Virginia
62%
554 Massachusetts
38%
No matching quizzes found
Score Distribution
Percent of People with Each Score
Percentile by Number Answered
Your Score History
You have not taken this quiz since the last reset